| 000 | 00780nab a22002417a 4500 | ||
|---|---|---|---|
| 001 | 22470 | ||
| 003 | HDC | ||
| 007 | cr bn ---aaaaa | ||
| 008 | 210128c20151008my ||||| |||| 00| 0 may d | ||
| 040 | _aHDC | ||
| 100 |
_aMariatul Qatiah Zakaria, _eauthor _97672 |
||
| 245 | 0 |
_aTidak kenal erti putus asa / _cMariatul Qatiah Zakaria |
|
| 336 |
_atext _2rdacontent |
||
| 337 |
_acomputer _2rdamedia |
||
| 338 |
_aonline resource _2rdacarrier |
||
| 650 |
_aCosmetic product _95346 |
||
| 650 |
_aEntrepreneur _91863 |
||
| 710 | _aUtusan Malaysia | ||
| 856 | _zRequest full-text at [email protected] | ||
| 942 | _2lcc | ||
| 942 | _cNEWS | ||
| 942 | _kNWSC 006603 | ||
| 999 |
_c19786 _d19786 |
||